000 00322nam a22001337a 4500
008 170911b xxu||||| |||| 00| 0 eng d
020 _a9780136007715
041 _aeng
080 _28 ED
_a91
100 _a42
101 _aGEO
245 _aLABORATORY MANUAL IN PHYSICAL GEOLOGY
_cBUSCH.R.M
942 _2udc
_cBK
999 _c26994
_d26994